[Event "IND-chT"]
[Site "Gurgaon"]
[Date "2010.02.22"]
[Round "2"]
[White "Suvrajit, Saha"]
[Black "Ranjan, Rakesh"]
[Result "1-0"]
[WhiteElo "2343"]
[BlackElo "2098"]
[PlyCount "121"]
[EventDate "2010.02.21"]
[EventType "team"]
[EventRounds "9"]
[EventCountry "IND"]
[SourceTitle "CBM 135 Extra"]
[Source "ChessBase"]
[SourceDate "2010.05.04"]
[SourceVersion "1"]
[SourceVersionDate "2010.05.04"]
[SourceQuality "1"]

1. d4 d5 2. Nf3 Nf6 3. c4 c6 4. Nc3 dxc4 5. a4 Bf5 6. Ne5 e6 7. Nxc4 c5 8. dxc5 Qxd1+ 9. Nxd1 Bxc5 10. f3 Nc6 11. e4 Bg6 12. Be3 Bxe3 13. Ndxe3 Ke7 14. Be2 Rhd8 15. Kf2 Nd7 16. a5 Nc5 17. Ra3 Nb4 18. Rd1 Rxd1 19. Bxd1 Ncd3+ 20. Kf1 Rd8 21. Rb3 f5 22. exf5 exf5 23. f4 Rd4 24. Be2 Kf6 25. Bxd3 Nxd3 26. Rxb7 Rxf4+ 27. Kg1 Rd4 28. g3 Bf7 29. b3 g5 30. Nxf5 Rd5 31. Nfe3 Rd4 32. Rxa7 Nc5 33. b4 Bxc4 34. bxc5 h5 35. Rb7 Bd3 36. a6 Ra4 37. a7 Be4 38. c6 Ra1+ 39. Kf2 Ra2+ 40. Ke1 Bxc6 41. Rb6 Rxa7 42. Rxc6+ Ke5 43. Rh6 Ke4 44. Nc4 Kd3 45. Rxh5 Kxc4 46. Rxg5 Kd3 47. Kf2 Ra2+ 48. Kg1 Ke3 49. Rf5 Rb2 50. h4 Ke4 51. Rf2 Rb3 52. Kg2 Ra3 53. h5 Ra5 54. Rf4+ Ke5 55. Kh3 Ra1 56. Kg4 Rh1 57. Kg5 Rh3 58. g4 Ke6 59. Kg6 Rh4 60. h6 Rh2 61. h7 1-0